02366cam a22005174i 4500003000900000005001700009008004100026020001500067020001800082035002000100040003300120082001700153100003000170245004700200264003700247300003900284336002100323337002500344338002300369490002800392505119800420526001001618526001001628526001001638526001001648526001001658526000901668526000901677526000901686526000901695526000901704526000901713526000901722526000901731526000901740526000901749526000801758526000801766526000801774526000801782526000801790526000801798541001001806650001101816650002101827PE-LiUPU20250731170427.0190409s2011 mx rb 000 0 spa d a958842755X a9789588427553 a(Sirsi) a252074 aPE-LiUPUbspacPE-LiUPUerda04a170bG222231 aGarcía, Camilo,eautor.10aEscritos sobre ética /cCamilo García. 1aMedellín :bLa Carreta,c2011. a194 páginas ;c24 centímetros. atext2rdacontent aunmediated2rdamedia avolume2rdacarrier0 aLa carreta filosófica0 aEl sufrimiento como una razón de ser de la ética -- sobre el bien de la felicidad -- acerca del carácter ético de la compasión -- diálogo, escucha y ética -- interés vital u moral -- sobre la formación moral de sí -- sobre sexualidad y moralidad -- nota acerca del motivo estético de la ética -- inocencia y culpabilidad -- el deber moral comom deuda -- sobre la esencial del mal -- la ambiguedad moral del castigo -- la pretensión moral del sacrificio -- la pretensión moral del sacrificio -- razón y justificación -- el recuerdo como una fuente de la conciencia moral -- el valor moral de las víctimas -- la crisis moral de la sociedad colombiana -- la falta moral de la venganza -- sobre el perdón y el olvido -- dostoievski: crimen y moral -- ¿contribuyen las guerras al progreso moral a la humanidad? -- el contenido ético del estado democrático de derecho moderno -- nota sobre la mentira, el engaño y la manipulación -- sobre el sentido ético de la responsabilidad -- el suplemento ético de la solidaridad -- sobre el significado de la justicia -- sobre la moral y la justicia -- acerca de la igualdad y desigualdad de los seres humanos. aSEG68 aSEG70 aSEG69 aSEG67 aSEG43 aP144 aP143 aP131 aP122 aP120 aP117 aP112 aP110 aP106 aP101 aP80 aP59 aP54 aP35 aP33 aP30 g0003;07aEtica.07aConducta (Etica)